<?xml version="1.0" encoding="UTF-8"?>
<collection xmlns="http://www.loc.gov/MARC21/slim">
 <record>
  <leader>00565nam a22001575a 4500</leader>
  <controlfield tag="001">EUN.um025235</controlfield>
  <controlfield tag="003">AR-BaUNS</controlfield>
  <controlfield tag="005">20050623122903.0</controlfield>
  <controlfield tag="008">041125s1993####ag############000#0#spa#d</controlfield>
  <datafield tag="245" ind1="1" ind2="0">
   <subfield code="a">Calidad de vida y derecho /</subfield>
   <subfield code="c">Universidad nacional. Facultad de ciencias jurídicas y sociales.</subfield>
  </datafield>
  <datafield tag="260" ind1=" " ind2=" ">
   <subfield code="a">La Plata :</subfield>
   <subfield code="b">Universidad nacional,</subfield>
   <subfield code="c">1993.</subfield>
  </datafield>
  <datafield tag="300" ind1=" " ind2=" ">
   <subfield code="a">80 p.</subfield>
  </datafield>
  <datafield tag="082" ind1="0" ind2="4">
   <subfield code="a">346.1</subfield>
  </datafield>
  <datafield tag="653" ind1=" " ind2=" ">
   <subfield code="a">Calidad de vida</subfield>
  </datafield>
  <datafield tag="110" ind1="2" ind2=" ">
   <subfield code="a">Universidad nacional. Facultad de ciencias jurídicas y sociales</subfield>
   <subfield code="c">La Plata.</subfield>
  </datafield>
  <datafield tag="859" ind1=" " ind2=" ">
   <subfield code="a">Ar-BaUNS</subfield>
   <subfield code="b">BIB. CENTRAL - Sector C</subfield>
   <subfield code="h">346.1</subfield>
   <subfield code="i">L316</subfield>
   <subfield code="p">104144/994</subfield>
  </datafield>
 </record>
</collection>
